| 000 | 00619nac a22001931u 4500 | ||
|---|---|---|---|
| 020 | _a9953100233 | ||
| 082 |
_a603 _bCRO |
||
| 090 |
_c9261 _d9261 |
||
| 100 | _aCrocker, David | ||
| 245 |
_aYork dictionary of Aeronautical English / _cDavid Crocker. |
||
| 260 |
_bLibrairie du liban,2000. _cc2000. |
||
| 300 |
_a249 p.: _c20 cm. |
||
| 440 | _aHigher Education Dictionaries | ||
| 500 | _adistributer: Al-Ahram | ||
| 500 | _aFirst published in Great Braitain 1999. | ||
| 511 | _acatalogued by: Sara | ||
| 650 |
_aTechnology _xDictionaries English |
||
| 942 |
_cNB _k603CRO |
||
| 999 |
_c9261 _d9261 |
||